| 000 | 00446nam a2200193Ia 4500 | ||
|---|---|---|---|
| 008 | 170918s9999 xx 000 0 und d | ||
| 020 | _a9780545223256 | ||
| 050 | _bB852 1996 | ||
| 100 | _aBridwell, Norman | ||
| 245 | _aField day / | ||
| 245 | _cby Norman Bridwell. | ||
| 260 | _aNew York : | ||
| 260 | _bScholastic, | ||
| 260 | _c1996 | ||
| 300 | _aunpaged : | ||
| 300 | _bcolored illustration ; | ||
| 300 | _c23cm. | ||
| 500 | _a250 | ||
| 999 |
_c342894 _d342894 |
||